000 00298nam a2200121Ia 4500
008 220216s9999 xx 000 0 und d
100 _aAbraham T
245 0 _aRubber clone vikasanathile vividha khattangal
260 _bRubber
_c2016
300 _a16-18
650 _aClone selection
942 _cBS
999 _c49202
_d49202